Biblioteca

Islam and the cross (Registro nro. 64615)

Detalles MARC
000 -LÍDER
Campo fijo de descripción fija 01760nam a22003974i 4500
001 - NÚMERO DE CONTROL
Campo de control 12843000
003 - IDENTIFICADOR DEL NÚMERO DE CONTROL
Campo de control CO-MdFUSB
005 - FECHA Y HORA DE LA ULTIMA TRANSACCIÓN
control field 20191023124507.0
008 - ELEMENTOS DE LONGITUD FIJA -- INFORMACIÓN GENERAL
Campo fijo de descripción fija -- Información general 020703s2002 nju b 001 0 eng
010 ## - NÚMERO DE CONTROL DE LA BIBLIOTECA DEL CONGRESO
Número de control LC 2002028538
020 ## - NÚMERO INTERNACIONAL NORMALIZADO PARA LIBROS
Número Internacional Normalizado del libro 0875522149 (pbk.)
040 ## - FUENTE DE CATALOGACIÓN
Agencia de catalogación original DLC
Agencia que realiza la modificación DLC
Idioma de catalogación spa
Agencia que realiza la transcripción CO-MdFUSB
Convenciones de la descripción rda
041 ## - CÓDIGO DE IDIOMA
Código de idioma para texto/pista de sonido o título separado eng
042 ## - AUTHENTICATION CODE
Authentication code pcc
082 00 - NÚMERO DE CLASIFICACIÓN DECIMAL DEWEY
Número de clasificación 261.27
Número de la edición del Dewey 23
Clave de autor-Numero de item Z97
100 1# - ASIENTO PRINCIPAL--NOMBRE PERSONAL
Nombre personal Zwemer, Samuel Marinus,
Fechas asociadas con el nombre 1867-1952.
Término relacionador autor
245 10 - TÍTULO
Título del Material Islam and the cross
Parte restante del título - Subtitulo : selections from "the Apostle to Islam"
Mención de responsabilidad, etc. / Samuel M. Zwemer ; editor Roger S. Greenway.
264 #1 - PRODUCCIÓN, PUBLICACIÓN, DISTRIBUCIÓN, MANUFACTURA, Y COPYRIGHT
Lugar de producción, publicación, distribución, manufactura Phillipsburg, N.J. :
Nombre del productor, publicador, distribuidor P&R Publishing,
Fecha de producción, publicación, distribución, manufactura, o copyright ℗[2002]
264 #4 - PRODUCCIÓN, PUBLICACIÓN, DISTRIBUCIÓN, MANUFACTURA, Y COPYRIGHT
Fecha de producción, publicación, distribución, manufactura, o copyright ©2002
300 ## - DESCRIPCIÓN FÍSICA
Extensión xviii, 165 páginas ;
Dimensiones 22 cm.
336 ## - TIPO DE CONTENIDO
Fuente rdacontent
Término de tipo de contenido texto
Código de tipo de contenido txt
337 ## - TIPO DE MEDIO
Fuente rdamedia
Nombre del tipo de medio sin mediación
Código del tipo de medio n
338 ## - TIPO DE SOPORTE
Fuente rdacarrier
Nombre del tipo de soporte volumen
Código Tipo de soporte nc
504 ## - NOTA DE BIBLIOGRAFÍA, ETC.
Nota de bibliografía, etc Incluye índice de la escritura (página 159)<br/>Incluye índice temático y de nombres (página 161)
505 ## - NOTA DE CONTENIDO
Título Fuentes para el islam y la cruz. --
-- Introducción por Roger S. Greenway. --
-- Parte 1. Islam y cristianismo
Nota de contenido con formato preestablecido El Cristo musulmán - Mahoma y Cristo - Islam y el Espíritu Santo - El obstáculo del cristianismo - El camino hacia el corazón musulmán
505 ## - NOTA DE CONTENIDO
Título Parte 2. Islam y animismo
Nota de contenido con formato preestablecido Influencia del animismo - El espíritu familiar fr Qarina - El sacrificio akika - Animismo en el credo y el corán
505 ## - NOTA DE CONTENIDO
Título Conclusión: un llamado a la oración
-- Notas
653 ## - TÉRMINO DE INDIZACIÓN - NO CONTROLADO
Término no controlado Mahoma -- Vida y obras.
653 ## - TÉRMINO DE INDIZACIÓN - NO CONTROLADO
Término no controlado Corán.
700 1# - ASIENTO SECUNDARIO - NOMBRE PERSONAL
Nombre personal Greenway, Roger S.
Responsabilidad editor
906 ## - LOCAL DATA ELEMENT F, LDF (RLIN)
a 7
b cbc
c orignew
d 1
e ocip
f 20
g y-gencatlg
942 ## - TIPO DE MATERIAL (KOHA)
Tipo de Item KOHA Libros General
945 ## - INFORMACIÓN LOCAL DEL REGISTRO
Catalogador JTF-925
Existencias
Estado de Material Estado de Perdido Forma de Clasificación Estado de Dañado No para Préstamo Colección Biblioteca de Origen Biblioteca Permanente Fecha de Adquisición Total de Préstamos Signatura Topográfica Código de Barras Última vez visto Ejemplar/Existencia Fecha de Remplazo Tipo de Material
    Dewey Decimal Classification     Colección General Biblioteca FUSBC Biblioteca FUSBC 10/10/2018   G 261.27 Z97i 4321 12/12/2019 Ej. 1 10/10/2018 Libros General

Biblioteca FUSBC | Teléfono: (57+4) 349 88 10 Ext. 141| WhatsApp (+57) 3005338115 
E-mail: biblioteca@unisbc.edu.co | Calle 76 87-14 Robledo Palenque, Medellín, Colombia

Con tecnología Koha